[Event "Blackpool op 42nd"]
[Site "Blackpool"]
[Date "2018.03.10"]
[Round "2"]
[White "Wolstencroft, Darryl"]
[Black "Wall, Tim"]
[Result "1/2-1/2"]
[WhiteElo "2196"]
[BlackElo "2235"]
[PlyCount "47"]
[EventDate "2018.03.09"]
[EventType "swiss"]
[EventRounds "5"]
[EventCountry "ENG"]
[SourceTitle "CBM 183 Extra"]
[Source "ChessBase"]
[SourceDate "2018.04.19"]
[SourceVersion "1"]
[SourceVersionDate "2018.04.19"]
[SourceQuality "1"]

1. c4 b6 2. Nc3 Bb7 3. e4 e6 4. d4 Bb4 5. f3 f5 6. exf5 Nh6 7. Bxh6 Qh4+ 8. g3 Qxh6 9. Qd2 Qxd2+ 10. Kxd2 0-0 11. fxe6 Nc6 12. d5 Nd4 13. exd7 Rad8 14. Bh3 Ba6 15. Kd3 Nf5 16. Nge2 Nd6 17. Be6+ Kh8 18. Nd4 Nxc4 19. Ncb5 Ne5+ 20. Ke4 Nxd7 21. Nxc7 Nf6+ 22. Ke3 Bb7 23. a3 Bc5 24. b4 1/2-1/2

[Event "West of England op"]
[Site "Exmouth"]
[Date "2006.04.16"]
[Round "5"]
[White "Dilleigh, Stephen P"]
[Black "Wolstencroft, Darryl"]
[Result "1/2-1/2"]
[WhiteElo "2149"]
[BlackElo "2181"]
[PlyCount "71"]
[EventDate "2006.04.14"]
[EventType "swiss"]
[EventRounds "7"]
[EventCountry "ENG"]
[SourceTitle "EXT 2007"]
[Source "ChessBase"]
[SourceDate "2006.11.23"]
[SourceVersion "1"]
[SourceVersionDate "2006.11.23"]
[SourceQuality "1"]

1. d4 f5 2. g3 Nf6 3. Bg2 g6 4. c3 Bg7 5. Qb3 c6 6. Nd2 Qc7 7. Nh3 e5 8. Nc4 d6 9. Ng5 Rf8 10. dxe5 dxe5 11. Be3 Na6 12. Rd1 h6 13. Nd6+ Ke7 14. Nxc8+ Qxc8 15. Ne6 Qxe6 16. Qxb7+ Nd7 17. Qxa6 e4 18. 0-0 Rfd8 19. Rd2 Ne5 20. Rxd8 Rxd8 21. Qxa7+ Kf8 22. Qa3+ Kf7 23. Qb3 Qxb3 24. axb3 Rb8 25. b4 Nc4 26. Bc1 c5 27. f3 e3 28. f4 Nd2 29. Bd5+ Ke7 30. Bxd2 exd2 31. Rd1 cxb4 32. Rxd2 bxc3 33. bxc3 Bxc3 34. Rc2 Bd4+ 35. Kg2 Rb2 36. Rxb2 1/2-1/2

[Event "Leeds op"]
[Site "Leeds"]
[Date "1998.??.??"]
[Round "5"]
[White "Wolstencroft, Darryl"]
[Black "Brusey, Alan W"]
[Result "1-0"]
[WhiteElo "2190"]
[BlackElo "2145"]
[PlyCount "53"]
[EventDate "1998.??.??"]
[EventType "swiss"]
[EventRounds "5"]
[EventCountry "ENG"]
[SourceTitle "EXT 2000"]
[Source "ChessBase"]
[SourceDate "1999.11.16"]
[SourceVersion "1"]
[SourceVersionDate "1999.11.16"]
[SourceQuality "1"]

1. e4 e6 2. d4 d5 3. Nd2 Nf6 4. Bd3 c5 5. c3 Nc6 6. Ngf3 Qb6 7. 0-0 cxd4 8. cxd4 Nxd4 9. Nxd4 Qxd4 10. Nf3 Qb6 11. e5 Nd7 12. Qc2 Qc5 13. Qe2 Be7 14. Be3 Qa5 15. a3 0-0 16. Rac1 f6 17. Bd4 fxe5 18. Nxe5 Nxe5 19. Bxe5 Bf6 20. Qh5 h6 21. Bd6 Bxb2 22. Rc7 Qxc7 23. Bxc7 Bxa3 24. Be5 Rf7 25. Bh7+ Kf8 26. Bg6 Re7 27. Qf3+ 1-0

[Event "ENG Civil Servise-ch 7th"]
[Site "England"]
[Date "1997.??.??"]
[Round "5"]
[White "Pheby, Ian M"]
[Black "Wolstencroft, Darryl"]
[Result "1-0"]
[WhiteElo "1950"]
[BlackElo "2065"]
[PlyCount "51"]
[EventDate "1997.??.??"]
[EventType "swiss"]
[EventRounds "5"]
[EventCountry "ENG"]
[SourceTitle "EXT 2000"]
[Source "ChessBase"]
[SourceDate "1999.11.16"]
[SourceVersion "1"]
[SourceVersionDate "1999.11.16"]
[SourceQuality "1"]

1. d4 e6 2. c4 f5 3. Nc3 Nf6 4. g3 Be7 5. Bg2 0-0 6. Nf3 d5 7. 0-0 c6 8. b3 Ne4 9. Bb2 Nd7 10. Qc2 Bf6 11. Rad1 Nxc3 12. Bxc3 b6 13. Ne5 Bxe5 14. dxe5 Qe7 15. cxd5 exd5 16. Rxd5 Bb7 17. Rd6 Nxe5 18. Bxe5 Qxe5 19. Qc4+ Kh8 20. Rfd1 Rae8 21. e3 Ba8 22. Bxc6 Bxc6 23. Qxc6 Qb2 24. R1d2 Qb1+ 25. Kg2 b5 26. Rd7 1-0

[Event "BCF-ch 83rd"]
[Site "Nottingham"]
[Date "1996.??.??"]
[Round "2"]
[White "Parker, Jonathan"]
[Black "Wolstencroft, Darryl"]
[Result "1-0"]
[WhiteElo "2470"]
[BlackElo "2200"]
[PlyCount "53"]
[EventDate "1996.08.??"]
[EventType "swiss"]
[EventRounds "11"]
[EventCountry "ENG"]
[SourceTitle "CBM 054 Extra"]
[Source "ChessBase"]
[SourceDate "1996.11.01"]
[SourceVersion "1"]
[SourceVersionDate "1996.11.01"]
[SourceQuality "1"]

1. d4 f5 2. g3 Nf6 3. Bg2 e6 4. c4 d5 5. Nh3 c6 6. 0-0 Bd6 7. Bf4 0-0 8. Nd2 b6 9. Qc2 Ne4 10. Nxe4 dxe4 11. Bg5 Be7 12. Bxe7 Qxe7 13. f3 e5 14. dxe5 exf3 15. exf3 Qxe5 16. Rfe1 Qf6 17. Rad1 Nd7 18. Nf4 Nc5 19. b4 g5 20. Nh5 Qg6 21. bxc5 Qxh5 22. Re7 Qg6 23. Rd6 Rf6 24. Rd8+ Rf8 25. Rd6 Rf6 26. Qc3 Be6 27. Qe5 1-0

[Event "Isle of Man op"]
[Site "Isle of Man"]
[Date "1994.??.??"]
[Round "5"]
[White "Conquest, Stuart"]
[Black "Wolstencroft, Darryl"]
[Result "1-0"]
[WhiteElo "2505"]
[BlackElo "2180"]
[PlyCount "43"]
[EventDate "1994.09.??"]
[EventType "swiss"]
[EventRounds "9"]
[EventCountry "IOM"]
[SourceTitle "EXT 1997"]
[Source "ChessBase"]
[SourceDate "1996.11.15"]
[SourceVersion "1"]
[SourceVersionDate "1996.11.15"]
[SourceQuality "1"]

1. e4 e6 2. d4 d5 3. e5 c5 4. c3 Nc6 5. Nf3 Qb6 6. a3 c4 7. Be2 f6 8. 0-0 Na5 9. Nbd2 fxe5 10. Nxe5 Nf6 11. Qa4+ Nd7 12. Re1 Bd6 13. Bh5+ g6 14. Bg4 Nc6 15. Nxc6 Qxc6 16. Rxe6+ Kd8 17. Qxc6 bxc6 18. Rxd6 Kc7 19. Nxc4 Rf8 20. Bh6 dxc4 21. Bxf8 Nxf8 22. Rxc6+ 1-0

[Event "Isle of Man op"]
[Site "Isle of Man"]
[Date "1994.??.??"]
[Round "4"]
[White "Flear, Glenn C"]
[Black "Wolstencroft, Darryl"]
[Result "0-1"]
[WhiteElo "2505"]
[BlackElo "2180"]
[PlyCount "58"]
[EventDate "1994.09.??"]
[EventType "swiss"]
[EventRounds "9"]
[EventCountry "IOM"]
[SourceTitle "EXT 1997"]
[Source "ChessBase"]
[SourceDate "1996.11.15"]
[SourceVersion "1"]
[SourceVersionDate "1996.11.15"]
[SourceQuality "1"]

1. d4 f5 2. Nc3 Nf6 3. Bg5 e6 4. g4 fxg4 5. e4 d6 6. Be2 Be7 7. h3 g3 8. fxg3 0-0 9. Qd2 e5 10. Nf3 exd4 11. Nxd4 Nc6 12. Nf5 Bxf5 13. exf5 Nh5 14. Bxh5 Bxg5 15. Qd5+ Kh8 16. 0-0 Be3+ 17. Kh2 Qg5 18. Bf7 Nb4 19. Qxb7 Nxc2 20. Rab1 Bd4 21. Ne4 Qe3 22. Bd5 Qe2+ 23. Kh1 Rab8 24. Qc6 Rb6 25. Qa4 Ne3 26. Rg1 Qf3+ 27. Kh2 c6 28. Bxc6 Rc8 29. Bd7 Rcb8 0-1

[Event "Lloyds Bank op 17th"]
[Site "London"]
[Date "1993.??.??"]
[Round "3"]
[White "Wolstencroft, Darryl"]
[Black "Wells, Peter K"]
[Result "0-1"]
[WhiteElo "2210"]
[BlackElo "2455"]
[PlyCount "60"]
[EventDate "1993.08.??"]
[EventType "swiss"]
[EventRounds "10"]
[EventCountry "ENG"]
[SourceTitle "EXT 1998"]
[Source "ChessBase"]
[SourceDate "1997.11.17"]
[SourceVersion "1"]
[SourceVersionDate "1997.11.17"]
[SourceQuality "1"]

1. c4 c6 2. g3 d5 3. cxd5 cxd5 4. Nf3 Nc6 5. d4 Nf6 6. Nc3 Ne4 7. Bg2 e6 8. 0-0 Nxc3 9. bxc3 Be7 10. c4 dxc4 11. Qa4 Bd7 12. Qxc4 Rc8 13. Bd2 0-0 14. Qb3 Bf6 15. e3 b5 16. Rfd1 Na5 17. Bxa5 Qxa5 18. e4 Rc3 19. Qb2 Rfc8 20. Ne1 b4 21. e5 Be7 22. d5 exd5 23. Bxd5 Ba4 24. Bb3 Bxb3 25. axb3 Qxe5 26. Ng2 Bc5 27. Qd2 Rf3 28. Qd7 Bxf2+ 29. Kh1 Rf8 30. Ra4 Rxb3 0-1